Avatar: The Last Airbender Random Quotes Quiz - Statistics

General Stats
  • This quiz has been taken 145 times
  • The average score is 10 of 18
Answer Stats
Quote Character % Correct
"it was just a dream. i still have my pants." aang
96%
"the only thing we're hatching is... an egg?" sokka
92%
"but don't ever break up with me again" mai
79%
"take them to the refurbished chamber that was once bad!" bumi
78%
"i'm taking my knowledge back. no one will ever abuse it again" wan shi tong
69%
"if you leave now, you won't be able to go into the avatar state at all!" guru pathik
65%
"you may be big, but you ain't bad ___ _______'s gonna win this in a landslide" the boulder
65%
"one doesn't just pop in on the earth king" joo dee
63%
"tui and la -- your moon and ocean -- have always circled each other in an eternal dance" koh
60%
"clumps! they're clumps!" ty lee
60%
"PAPAYA." aunt wu
46%
"you, my friend, are just a few plums short of a fruit pie" momo
40%
"time is/pants are an illusion, and so is death" huu
36%
"i thought my eyebrows would never grow back!" the mechanist
32%
"you're a living relic" professor zei
28%
"don't worry, I hear cowards float" tyro
20%
"you're the spitting image of Kanna!" yagoda
18%
"they're coming back for me, they've had a taste and they're coming back for me" canyon guide
12%
No matching quizzes found
Score Distribution
Percent of People with Each Score
Percentile by Number Answered
Your Score History
You have not taken this quiz